Development statiscs and correlations: a comment on hicks and streeten
Uloženo v:
| Korporativní autor: | |
|---|---|
| Médium: | Text |
| Vydáno: |
Londres:
Naciones Unidas
|
| Tagy: |
Přidat tag
Žádné tagy, Buďte první, kdo vytvoří štítek k tomuto záznamu!
|
MARC
| LEADER | 00000 a a2200000 04500 | ||
|---|---|---|---|
| 001 | 24639 | ||
| 003 | |||
| 040 | |||
| 090 | |a 177100 | ||
| 110 | |a Naciones Unidas | ||
| 245 | |a Development statiscs and correlations: a comment on hicks and streeten | ||
| 260 | |a Londres: |b Naciones Unidas | ||
| 300 | |a 8 p. | ||
| 999 | |c 14641 |d 14641 | ||
